000 00907nam a22002057a 4500
999 _c15529
_d15529
003 AR-CdUCM
008 190429b ||||| |||| 00| 0 spa d
040 _aMUNICIPALIDAD PROVINCIAL DEL CUSCO
_cBIBLIOTECA MUNICIPAL DEL CUSCO
082 _21ed.
_a869.521 /
_bG24 / 1923
245 _aEl Inca Garcilaso de la Vega /
260 _aLima :
_bE. Rosay,,
_c1923.
300 _a68 paginas ;
_c20 cm.
505 _aContenido : La deducción del nombre del Perú -- Dioses que adoraban los indios del Perú antes de los incas -- Fundación de la ciudad del Cuzco por los dos hermanos Manco Capac y Mama Ocllo -- Rastrearon los incas al verdadero Dios -- Lo que alcanzaron los indios sobre la resurrección universal --
650 _aGarcilaso de la Vega
_961
650 _aLos incas
_92622
650 _aManco Capac
_99171
650 _aLos indios
_934630
942 _2ddc
_cLIBROS
945 _awnts
_d2019-04-29